| 000 | 00790nam a2200253Ia 4500 | ||
|---|---|---|---|
| 003 | OSt | ||
| 005 | 20220923222612.0 | ||
| 006 | a|||||r|||| 00| 0 | ||
| 007 | ta | ||
| 008 | 220922b |||||||| |||| 00| 0 hin d | ||
| 024 | _a206,419 | ||
| 037 | _cTextual | ||
| 040 |
_aARTS _cARTS _bhin |
||
| 041 |
_2hin _ahin |
||
| 082 | _aO152,6x, L3 | ||
| 100 | _aमैनी, धर्मपाल, संपा. | ||
| 245 | 0 | _aपराग | |
| 246 | _aParāga | ||
| 260 |
_aअमृतसर _b गुरुनानक यूनिवर्सिटी _c1973 |
||
| 300 |
_a112पृ. _ccm. |
||
| 650 |
_aहिन्दी साहित्य _9156264 |
||
| 942 |
_hO152,6x, L3 _cTEXL _2CC |
||
| 999 |
_c357061 _d357061 |
||